[Event "Florianopolis op 10th"]
[Site "Florianopolis"]
[Date "2024.01.25"]
[Round "7"]
[White "Moreira, Iloyziel Joao da Si"]
[Black "Blaskosky, Vinicius"]
[Result "1-0"]
[WhiteElo "1737"]
[BlackElo "1314"]
[PlyCount "91"]
[EventDate "2024.01.20"]
[EventType "swiss"]
[EventRounds "10"]
[EventCountry "BRA"]
[SourceTitle "CB05_2024"]
[SourceDate "2024.01.31"]
[SourceVersion "1"]
[SourceVersionDate "2024.01.31"]
[SourceQuality "1"]

1. d4 d5 2. Bf4 Nf6 3. Nf3 c5 4. dxc5 Nc6 5. c3 a5 6. e3 Bf5 7. Bb5 e6 8. Ne5 Rc8 9. Qa4 Bxc5 10. Nxc6 bxc6 11. Bxc6+ Nd7 12. 0-0 e5 13. Bxe5 0-0 14. Bxd7 Bxd7 15. Qf4 Qb6 16. b3 Rc6 17. Bd4 Bxd4 18. exd4 Re8 19. Qd2 Rh6 20. Re1 Rxe1+ 21. Qxe1 Qc7 22. g3 Rg6 23. Na3 h5 24. c4 dxc4 25. Nxc4 Bh3 26. Qe4 Qd8 27. d5 Qf6 28. Re1 h4 29. Qe3 hxg3 30. hxg3 Rh6 31. Qe5 Qg6 32. d6 Bd7 33. Qe4 Qh5 34. Qh4 Qf3 35. Ne5 Qc3 36. Qe4 Re6 37. Re3 Qc1+ 38. Kg2 Rh6 39. Re1 Bh3+ 40. Kg1 Qd2 41. d7 Bxd7 42. Nxd7 Qxd7 43. Qa8+ Kh7 44. Qxa5 Qb7 45. Qf5+ g6 46. Qe4 1-0

[Event "Florianopolis op 10th"]
[Site "Florianopolis"]
[Date "2024.01.22"]
[Round "4"]
[White "Oliveira, Tiago Batista"]
[Black "Moreira, Iloyziel Joao da Si"]
[Result "1-0"]
[WhiteElo "1953"]
[BlackElo "1737"]
[PlyCount "45"]
[EventDate "2024.01.20"]
[EventType "swiss"]
[EventRounds "10"]
[EventCountry "BRA"]
[SourceTitle "CB05_2024"]
[SourceDate "2024.01.31"]
[SourceVersion "1"]
[SourceVersionDate "2024.01.31"]
[SourceQuality "1"]

1. d4 d5 2. c4 e6 3. g3 Nf6 4. Nf3 h6 5. Bg2 Bd6 6. Nc3 0-0 7. Qc2 b6 8. 0-0 Nbd7 9. cxd5 Nxd5 10. e4 Nb4 11. Qa4 b5 12. Nxb5 Nb6 13. Qb3 Ba6 14. a4 c6 15. Nxd6 Qxd6 16. Bd2 Bxf1 17. Bxb4 Bc4 18. Qc3 c5 19. Bxc5 Qc6 20. Ne5 Qc8 21. Bxf8 Kxf8 22. a5 Qa6 23. Rc1 1-0

[Event "Foz do Iguacu op 5th"]
[Site "Foz do Iguacu"]
[Date "2015.06.07"]
[Round "5"]
[White "Franco, Jefferson Gregorio"]
[Black "Moreira, Iloyziel Joao da Si"]
[Result "0-1"]
[WhiteElo "1793"]
[BlackElo "1816"]
[PlyCount "63"]
[EventDate "2015.06.05"]
[EventType "swiss"]
[EventRounds "6"]
[EventCountry "BRA"]
[SourceTitle "CBM 166 Extra"]
[Source "ChessBase"]
[SourceDate "2015.06.18"]
[SourceVersion "1"]
[SourceVersionDate "2015.06.18"]
[SourceQuality "1"]

1. e4 c5 2. Nf3 d6 3. d4 cxd4 4. Nxd4 Nf6 5. Nc3 g6 6. Be3 Bg7 7. f3 Nc6 8. Qd2 0-0 9. Bc4 Bd7 10. 0-0-0 Rc8 11. Bb3 Re8 12. h4 Ne5 13. Bg5 Nc4 14. Bxc4 Rxc4 15. Qe3 Qa5 16. Nde2 Rec8 17. g4 Nxg4 18. fxg4 Bxg4 19. Rd5 b5 20. Rxb5 Qxb5 21. Nxb5 Rxc2+ 22. Kd1 Bxe2+ 23. Qxe2 Rxe2 24. Kxe2 Rc2+ 25. Kd3 Rxb2 26. Nxa7 Rxa2 27. Nb5 f6 28. Be3 Kf7 29. Nd4 h6 30. h5 g5 31. Bd2 Bf8 32. Bc3 0-1

[Event "Foz do Iguacu op 5th"]
[Site "Foz do Iguacu"]
[Date "2015.06.07"]
[Round "6"]
[White "Moreira, Iloyziel Joao da Si"]
[Black "Lorensetti, Jesse Emanoel"]
[Result "1/2-1/2"]
[WhiteElo "1816"]
[BlackElo "1778"]
[PlyCount "72"]
[EventDate "2015.06.05"]
[EventType "swiss"]
[EventRounds "6"]
[EventCountry "BRA"]
[SourceTitle "CBM 166 Extra"]
[Source "ChessBase"]
[SourceDate "2015.06.18"]
[SourceVersion "1"]
[SourceVersionDate "2015.06.18"]
[SourceQuality "1"]

1. e4 c5 2. Nf3 g6 3. d4 cxd4 4. Nxd4 Nc6 5. Be3 Bg7 6. Nxc6 dxc6 7. Qxd8+ Kxd8 8. c3 Be6 9. Be2 Nf6 10. Bd4 Rg8 11. Nd2 Nd7 12. Nc4 Bxd4 13. cxd4 Nb6 14. Nxb6 axb6 15. a3 Ra4 16. Rd1 Bb3 17. Rd2 Kc7 18. Bf3 e6 19. Rd3 Bc4 20. Rc3 Bb5 21. d5 exd5 22. exd5 Re8+ 23. Kd2 Rd4+ 24. Kc2 c5 25. Rd1 Kd6 26. b3 Be2 27. Rd2 Bxf3 28. Rxf3 f5 29. Rh3 Re7 30. Rxd4 cxd4 31. Kd3 Kxd5 32. Rh4 Kc5 33. Rxd4 Re1 34. Rh4 Rg1 35. g3 h5 36. Rc4+ Kb5 1/2-1/2

[Event "Parana-chT"]
[Site "Sao Jose dos Pinhais"]
[Date "2014.10.16"]
[Round "4.2"]
[White "Sakada, Marcos Vinicius"]
[Black "Moreira, Iloyziel Joao da Si"]
[Result "1-0"]
[WhiteElo "1860"]
[BlackElo "1797"]
[PlyCount "79"]
[EventDate "2014.10.13"]
[EventType "team-swiss"]
[EventRounds "6"]
[EventCountry "BRA"]
[SourceTitle "EXT 2015"]
[Source "ChessBase"]
[SourceDate "2014.11.20"]
[SourceVersion "1"]
[SourceVersionDate "2014.11.20"]
[SourceQuality "1"]
[WhiteTeam "Paranavai"]
[BlackTeam "Cascavel"]
[WhiteTeamCountry "BRA"]
[BlackTeamCountry "BRA"]

1. b4 e5 2. Bb2 d6 3. g3 Be6 4. Bg2 c6 5. d3 Nf6 6. c4 Be7 7. Nf3 Nbd7 8. 0-0 0-0 9. Ng5 Bf5 10. e4 Bg6 11. Nh3 a6 12. f4 h6 13. f5 Bh7 14. Qd2 b5 15. a4 Qc7 16. Rc1 Rfb8 17. Nf2 Ne8 18. h4 Rb7 19. axb5 cxb5 20. cxb5 Qb6 21. Nc3 Nef6 22. bxa6 Rxa6 23. Rxa6 Qxa6 24. Ra1 Qb6 25. b5 Nc5 26. Qc2 Bf8 27. Kh2 Ne8 28. Ba3 Nc7 29. Rb1 Be7 30. Ng4 Nd7 31. Bc1 Qa7 32. Be3 Qb8 33. Qb3 Nb6 34. Bxb6 Rxb6 35. Ne3 Bd8 36. Nc4 Rb7 37. Nxd6 Rb6 38. Qxf7+ Kh8 39. Qf8+ Bg8 40. Nf7+ 1-0

[Event "Parana-chT"]
[Site "Sao Jose dos Pinhais"]
[Date "2014.10.15"]
[Round "3.3"]
[White "Serafhim, Mateus Felipe Donat"]
[Black "Moreira, Iloyziel Joao da Si"]
[Result "0-1"]
[WhiteElo "1800"]
[BlackElo "1797"]
[PlyCount "50"]
[EventDate "2014.10.13"]
[EventType "team-swiss"]
[EventRounds "6"]
[EventCountry "BRA"]
[SourceTitle "EXT 2015"]
[Source "ChessBase"]
[SourceDate "2014.11.20"]
[SourceVersion "1"]
[SourceVersionDate "2014.11.20"]
[SourceQuality "1"]
[WhiteTeam "Campo Mourao"]
[BlackTeam "Cascavel"]
[WhiteTeamCountry "BRA"]
[BlackTeamCountry "BRA"]

1. e4 c5 2. Nf3 d6 3. Nc3 Nc6 4. Bc4 Bg4 5. h3 Bxf3 6. Qxf3 e6 7. Bb5 Qc7 8. 0-0 a6 9. Bxc6+ Qxc6 10. Re1 g6 11. d3 Bg7 12. Bd2 b5 13. Rab1 Nf6 14. Re3 0-0 15. g4 a5 16. g5 Nd7 17. b3 a4 18. bxa4 b4 19. Ne2 Qxa4 20. Rd1 Qxc2 21. Ng3 Rxa2 22. h4 b3 23. h5 b2 24. hxg6 fxg6 25. Qh1 Qxd1+ 0-1

[Event "Parana-chT"]
[Site "Sao Jose dos Pinhais"]
[Date "2014.10.13"]
[Round "1.2"]
[White "Moreira, Iloyziel Joao da Si"]
[Black "Kikuta, Bruno"]
[Result "1/2-1/2"]
[WhiteElo "1797"]
[BlackElo "1842"]
[PlyCount "26"]
[EventDate "2014.10.13"]
[EventType "team-swiss"]
[EventRounds "6"]
[EventCountry "BRA"]
[SourceTitle "EXT 2015"]
[Source "ChessBase"]
[SourceDate "2014.11.20"]
[SourceVersion "1"]
[SourceVersionDate "2014.11.20"]
[SourceQuality "1"]
[WhiteTeam "Cascavel"]
[BlackTeam "Siqueira Campos"]
[WhiteTeamCountry "BRA"]
[BlackTeamCountry "BRA"]

1. e4 c6 2. d4 d5 3. e5 Bf5 4. Nd2 e6 5. Ngf3 Nd7 6. Nb3 h6 7. Bf4 Ne7 8. Be2 a6 9. 0-0 c5 10. c3 c4 11. Nbd2 g5 12. Be3 Rg8 13. h3 h5 1/2-1/2

[Event "Foz do Iguacu op 4th"]
[Site "Foz do Iguacu"]
[Date "2014.06.21"]
[Round "6"]
[White "Moreira, Iloyziel Joao da Si"]
[Black "Farhat, Mohamed Abdallah"]
[Result "0-1"]
[WhiteElo "1797"]
[BlackElo "1749"]
[PlyCount "38"]
[EventDate "2014.06.19"]
[EventType "swiss"]
[EventRounds "7"]
[EventCountry "BRA"]
[SourceTitle "CBM 161 Extra"]
[Source "ChessBase"]
[SourceDate "2014.08.29"]
[SourceVersion "1"]
[SourceVersionDate "2014.08.29"]
[SourceQuality "1"]

1. e4 c5 2. Nf3 Nc6 3. d4 cxd4 4. Nxd4 g6 5. Be3 Bg7 6. Nc3 Nf6 7. f3 0-0 8. Qd2 d5 9. 0-0-0 e5 10. Nxc6 bxc6 11. exd5 Nxd5 12. Nxd5 cxd5 13. Qxd5 Qc7 14. Qd2 Be6 15. b3 f5 16. Kb1 a5 17. a4 e4 18. fxe4 Qe5 19. c3 Bxb3 0-1

[Event "Foz do Iguacu op"]
[Site "Foz do Iguacu"]
[Date "2012.05.25"]
[Round "1"]
[White "Gomes, Fabio Augusto"]
[Black "Moreira, Iloyziel Joao da Si"]
[Result "1-0"]
[WhiteElo "1999"]
[BlackElo "1800"]
[PlyCount "88"]
[EventDate "2012.05.25"]
[EventType "swiss"]
[EventRounds "6"]
[EventCountry "BRA"]
[SourceTitle "CBM 148 Extra"]
[Source "ChessBase"]
[SourceDate "2012.06.22"]
[SourceVersion "1"]
[SourceVersionDate "2012.06.22"]
[SourceQuality "1"]

1. e4 c5 2. Nf3 d6 3. Bc4 Nf6 4. Nc3 a6 5. a4 Bg4 6. d4 cxd4 7. Qxd4 Bxf3 8. gxf3 Nc6 9. Qe3 e5 10. Ne2 g6 11. Qb3 Qc7 12. a5 Bg7 13. Be3 0-0 14. Bb6 Qe7 15. 0-0-0 Nd7 16. Be3 Nxa5 17. Qb4 Nxc4 18. Qxc4 Rac8 19. Qd5 Rc6 20. h4 Rfc8 21. c3 Nf6 22. Qb3 R8c7 23. Bg5 Qf8 24. Rhg1 Bh6 25. Kb1 Bxg5 26. Rxg5 Nh5 27. Rdg1 Kh8 28. Qd5 f6 29. R5g2 Rb6 30. Qd2 Rc5 31. Kc2 Qf7 32. Rb1 Rcb5 33. Qh6 Kg8 34. Qxh5 Qc4 35. Nc1 Qf7 36. Qg4 Rc5 37. f4 exf4 38. Nd3 Rxb2+ 39. Rxb2 Qc7 40. Qe6+ Kg7 41. Nxc5 Qxc5 42. Rxb7+ Kh6 43. Rxh7+ Kxh7 44. Qf7+ Kh8 1-0